Welcome to the Holygrace Academy Library

Please use search bar below to get started

TANTRI THE MANTRI (Record no. 5116)

MARC details
000 -LEADER
fixed length control field 00307nam a22001457a 4500
020 ## - INTERNATIONAL STANDARD BOOK NUMBER
ISBN 81-8482-318-5
082 ## - DEWEY DECIMAL CLASSIFICATION NUMBER
Classification number 823
Item number FER/T
100 ## - MAIN ENTRY--AUTHOR NAME
Personal name FERNANDES
245 ## - TITLE STATEMENT
Title TANTRI THE MANTRI
260 ## - PUBLICATION, DISTRIBUTION, ETC. (IMPRINT)
Name of publisher TINKLE
300 ## - PHYSICAL DESCRIPTION
Number of Pages 72
520 ## - SUMMARY, ETC.
Summary, etc ENGLISH SHORT STORIES
650 ## - SUBJECT ADDED ENTRY--TOPICAL TERM
Topical Term ENGLISH SHORT STORIES
942 ## - ADDED ENTRY ELEMENTS (KOHA)
Koha item type Books
Holdings
Withdrawn status Lost status Collection code Home library Current library Shelving location Date acquired Source of acquisition Cost, normal purchase price Full call number Accession Number Koha item type
    Fiction Main Library Main Library SHELF 3- I- ENGLISH CHILDRENS LITERATURE &MYTHOLOGY 14/01/2019 PURCHASE 125.00 823 FER/T 10395 Books
    Fiction Main Library Main Library SHELF 3- I- ENGLISH CHILDRENS LITERATURE &MYTHOLOGY 18/10/2011 PURCHASE 80.00 823 FER/T 06016 Books